000 02103ncm0a2200421 4500
001 RU\NLR\ONIZ\227152
005 20250623213615.0
013 _a979-0-706360-44-7
021 _aRU
_b19-000339
_919-НО-П-27
035 _aRU\NLR\ONIZ\GALA\5000035557\20191118133143
035 _a(NLR Aleph) 012143024
071 2 0 _aмгк 0037 mcp
090 _a12107269
_c12107269
100 _a20191118d2019 |||y0rusy50 ca
101 0 _arus
102 _aRU
125 _aax
200 1 _aМузыка
_bНоты
_dLa musique
_eсимф. поэма на сл. Шарля Бодлера
_e[для сопрано соло, хора, органа, виолончели соло, мед. инструментов]
_fЕ. Мельникова
_zeng
208 _aПартитура
210 _aМосква
_cНауч.-изд. центр "Московская консерватория"
_d2019
215 _a28 с.
_d30 см
300 _aПарал. рус., фр.
300 _aНа тит. л. : Романтическое посвящение ко дню второго рождения органа Большого зала Московской консерватории
606 1 _aСимфонические поэмы для сопрано, хора с инструментальным сопровожденияе
_yРоссия
_z20-21 вв.
_jНоты
_jПартитуры
_2nlr_sh
686 _aЩ966(2Р=Р)
_vLBC/SL
_2rubbk
700 1 _9z01790
_aМельникова
_bЕ. А.
_cкомпозитор
_f1966-
_gЕкатерина Александровна
_4230
_7ca
702 1 _9z02790
_aБодлер
_bШ.
_f1821-1867
_gШарль
_4520
_7ca
790 1 _9z01700
_aMel`nikova
_bE. A.
_gEkaterina Aleksandrovna
_4230
_7ba
790 1 _9z02702
_aBaudelaire
_bCh.
_f1821-1867
_gCharles
_4520
_7ba
801 0 _aRU
_bNLR
_c20191118
_gPSBO
801 1 _aRU
_bNLR
_c20191118
_2rusmarc
801 2 _aRU
_bNLR
_c20191205
852 _aNLR
_bМ
_jК-3/30009
_pМОЭ 2019-НО-П-27/339
_t1
852 _aNLR
_bМ
_jК-3/30009а
_pМОЭ 2019-НО-П-27/339а
_t2
942 _cSCORE
980 _aNB
980 _aONIZ